[Event "CCT Final playoff"]
[Site "Toronto"]
[Date "2023.12.10"]
[Round "4.1"]
[White "Abdusattorov, Nodirbek"]
[Black "Caruana, Fabiano"]
[Result "1-0"]
[WhiteElo "2727"]
[BlackElo "2794"]
[PlyCount "193"]
[EventDate "2023.12.09"]
[EventType "tourn (rapid)"]
[EventRounds "7"]
[EventCountry "CAN"]
[SourceTitle "CB50_2023"]
[SourceDate "2023.12.13"]
[SourceVersion "1"]
[SourceVersionDate "2023.12.13"]
[SourceQuality "1"]

1. e4 e5 2. Nf3 Nc6 3. Bb5 a6 4. Ba4 Nf6 5. 0-0 Be7 6. d3 b5 7. Bb3 d6 8. a3 0-0 9. Nc3 Na5 10. Ba2 Be6 11. b4 Bxa2 12. Rxa2 Nc6 13. Bd2 d5 14. exd5 Nxd5 15. Ne4 f5 16. Ng3 Nb6 17. Re1 Qd5 18. Ra1 Rae8 19. Rc1 h6 20. c4 Qxd3 21. cxb5 Qxb5 22. Qb3+ Kh7 23. Qb1 g6 24. Qc2 Rf6 25. Bc3 Bd6 26. h4 Qc4 27. h5 Rg8 28. Ba1 Qxc2 29. Rxc2 Nd4 30. Nxd4 exd4 31. Bxd4 Rf7 32. Bxb6 cxb6 33. Re6 Bxg3 34. Rcc6 gxh5 35. Rxh6+ Kg7 36. fxg3 Kf8 37. Rc8+ Kg7 38. Rcc6 Kf8 39. Kh2 f4 40. Rxb6 Rxg3 41. Rxa6 Kg7 42. Rxh5 Rd7 43. Rc5 Rg4 44. Rc4 Rh4+ 45. Kg1 Rg4 46. Kf2 Kh7 47. Re6 Rdg7 48. Kf1 Rxg2 49. Rxf4 Ra2 50. Re3 Rc7 51. Rf2 Ra1+ 52. Kg2 Kg6 53. Rg3+ Kh5 54. Kh2 Rc4 55. Rh3+ Kg5 56. Rg3+ Kh5 57. Kg2 Rcc1 58. Re3 Kg4 59. Re4+ Kg5 60. Re3 Kg4 61. Rg3+ Kh5 62. Rd3 Kg4 63. Rd4+ Kg5 64. Rd3 Kg4 65. Re2 Kf4 66. Rd4+ Kf5 67. Rd3 Kf4 68. Rf3+ Kg4 69. Re4+ Kg5 70. Rd3 Kf5 71. Re2 Kf4 72. Rf2+ Kg4 73. Rfd2 Kf4 74. Rd4+ Ke5 75. Rd5+ Ke4 76. R2d4+ Ke3 77. Rd3+ Ke4 78. R5d4+ Ke5 79. Rh4 Rg1+ 80. Kf2 Rgf1+ 81. Ke2 Rfe1+ 82. Kd2 Red1+ 83. Ke2 Rg1 84. Rh5+ Ke4 85. Re3+ Kd4 86. Rh4+ Kd5 87. Rh5+ Kd4 88. Rh4+ Kd5 89. Rc3 Rge1+ 90. Kf2 Rf1+ 91. Kg3 Rg1+ 92. Kh3 Rh1+ 93. Kg4 Rhg1+ 94. Kf5 Rg8 95. Rc5+ Kd6 96. Rd4+ Ke7 97. Rc7+ 1-0

[Event "CCT Final playoff"]
[Site "Toronto"]
[Date "2023.12.10"]
[Round "4.2"]
[White "Caruana, Fabiano"]
[Black "Abdusattorov, Nodirbek"]
[Result "0-1"]
[WhiteElo "2794"]
[BlackElo "2727"]
[PlyCount "168"]
[EventDate "2023.12.09"]
[EventType "tourn (rapid)"]
[EventRounds "7"]
[EventCountry "CAN"]
[SourceTitle "CB50_2023"]
[SourceDate "2023.12.13"]
[SourceVersion "1"]
[SourceVersionDate "2023.12.13"]
[SourceQuality "1"]

1. e4 e5 2. Nf3 Nc6 3. Bc4 Nf6 4. d3 Be7 5. 0-0 0-0 6. Nc3 d6 7. a4 Be6 8. Nd5 Bxd5 9. exd5 Nb4 10. d4 Nbxd5 11. dxe5 dxe5 12. Nxe5 c6 13. Nf3 Qc7 14. c3 h6 15. Qc2 a5 16. g3 Bc5 17. Bd2 Rfe8 18. Rae1 Qb6 19. Bc1 Ng4 20. Rd1 Rad8 21. Nd4 Ndf6 22. h3 Ne5 23. Be2 Bxd4 24. cxd4 Ng6 25. Bc4 Nd5 26. Qf5 Nf8 27. Qg4 Nf6 28. Qf3 Ne6 29. Bxe6 Rxe6 30. b3 Nd5 31. Bd2 Rde8 32. h4 Qd8 33. Rc1 b6 34. Rc2 Qd7 35. Qf5 g6 36. Qf3 Kg7 37. Rfc1 Rf6 38. Qd3 Qg4 39. Rxc6 Rf3 40. Qf1 Qxd4 41. Qg2 Rd3 42. R6c4 Qb2 43. Qxd5 Qxc1+ 44. Rxc1 Rxd5 45. Be3 b5 46. axb5 Rxb5 47. Ra1 Rd8 48. Ra4 Rd3 49. Bd4+ f6 50. Rc4 Kf7 51. Bc3 Rd1+ 52. Kg2 Rc1 53. Rc7+ Ke6 54. Bxa5 Rxc7 55. Bxc7 Rxb3 56. Bf4 h5 57. Bh6 Kf5 58. Bf8 Ke4 59. Be7 Rf3 60. Bd8 Rf5 61. Be7 Kd3 62. Kf1 Rf3 63. Bd8 f5 64. Bg5 Ke4 65. Kg2 Rb3 66. Bf4 Kd3 67. Kf3 Rb4 68. Bg5 Re4 69. Be3 Kc2 70. Ke2 Kc3 71. Kf3 Kd3 72. Bg5 Kc2 73. Be3 Kd1 74. Bc5 Ke1 75. Kg2 Ke2 76. Bd6 Rd4 77. Be5 Rd3 78. Bc7 Rf3 79. Bb6 f4 80. gxf4 Rxf4 81. Kg3 Rg4+ 82. Kh3 Kf3 83. Be3 Rg2 84. Bc5 Rxf2 0-1

[Event "CCT Final playoff"]
[Site "Toronto"]
[Date "2023.12.09"]
[Round "1.1"]
[White "Abdusattorov, Nodirbek"]
[Black "Firouzja, Alireza"]
[Result "1/2-1/2"]
[WhiteElo "2727"]
[BlackElo "2763"]
[PlyCount "126"]
[EventDate "2023.12.09"]
[EventType "tourn (rapid)"]
[EventRounds "7"]
[EventCountry "CAN"]
[SourceTitle "CB50_2023"]
[SourceDate "2023.12.13"]
[SourceVersion "1"]
[SourceVersionDate "2023.12.13"]
[SourceQuality "1"]

1. e4 e5 2. Nf3 Nc6 3. Bb5 Nf6 4. 0-0 Nxe4 5. d4 Nd6 6. Bxc6 dxc6 7. dxe5 Nf5 8. Qxd8+ Kxd8 9. h3 h6 10. Nc3 Bd7 11. b3 c5 12. Rd1 Kc8 13. Nd5 a5 14. a4 Ne7 15. c4 Bf5 16. Ra2 Nxd5 17. cxd5 Be7 18. Nd2 Rd8 19. Nc4 b6 20. Re2 h5 21. f3 h4 22. d6 Be6 23. Ree1 Bf8 24. Bg5 Rd7 25. Bxh4 Kb7 26. dxc7 Rxd1 27. Rxd1 Kxc7 28. Be1 Be7 29. g4 Kc6 30. h4 b5 31. axb5+ Kxb5 32. Nd6+ Bxd6 33. exd6 Bxb3 34. Rc1 Kc6 35. d7 a4 36. Bc3 f6 37. Bb4 c4 38. Kf2 Rd8 39. h5 Rxd7 40. Ke3 Kd5 41. Bf8 Rf7 42. Ba3 Rc7 43. Bb4 Rb7 44. Bf8 Ra7 45. Ba3 Rd7 46. Bf8 Ke6 47. Kf4 Kf7 48. Bc5 Rd3 49. Bb4 Kg8 50. Ke4 Kh7 51. f4 Rg3 52. Kf5 Rg2 53. g5 Bc2+ 54. Ke6 fxg5 55. fxg5 Bd3 56. Be7 g6 57. h6 Re2+ 58. Kf7 Rf2+ 59. Bf6 a3 60. Re1 Re2 61. Rxe2 Bxe2 62. Kf8 a2 63. Be5 Bd3 1/2-1/2